Sức khỏe tinh thần của người cao tuổi ở nông thôn Việt Nam /

保存先:
書誌詳細
第一著者: Lỗ Việt Phương.
フォーマット: 論文
言語:Vietnamese
主題:
タグ: タグ追加
タグなし, このレコードへの初めてのタグを付けませんか!
Thư viện lưu trữ: Thư viện Trường Đại học Đà Lạt
LEADER 00796nam a2200265 4500
001 DLU210195820
005 ##20210310
040 # # |a DLU  |b vie 
041 # # |a vie 
044 # # |a vn 
100 # # |a Lỗ Việt Phương. 
245 # # |a Sức khỏe tinh thần của người cao tuổi ở nông thôn Việt Nam /  |c Lỗ Việt Phương. 
653 # # |a Đời sống tinh thần 
653 # # |a Nông thôn 
653 # # |a Người cao tuổi  
773 # # |t Nghiên cứu gia đình và giới  |g Số 5, 2019, tr. 63-72 
920 # # |a Phòng Tạp chí -- Trung tâm Thông tin - Thư viện Trường Đại học Đà Lạt 
994 # # |a DLU 
900 # # |a True 
911 # # |a Hoàng Thị Huyền 
925 # # |a G 
926 # # |a A 
927 # # |a BB 
980 # # |a Thư viện Trường Đại học Đà Lạt